000 00207nam a22001217a 4500
040 _cHS
082 _a641
100 _aNA
245 _aLes viandes
260 _aNA
_bNA
_cNA
300 _a214p;
942 _cFB
999 _c9253
_d9253